000 00486nam a2200181Ia 4500
005 20250326141755.0
008 250326s9999 xx 000 0 und d
037 _aTextbook
040 _aFMSL
_beng
_cFMSL
041 _aeng
_2eng
084 _qFMSL
100 _aBryant J W
_9735734
245 0 _aFicial modelling in corporate management
_cBryant J W
260 _aNew York
_bNew York, Johan Willey & Sons
_c1982
300 _a469p
942 _cTB
999 _c1291906
_d1291906